IndyCar 2018 Drivers - Statistics

General Stats
  • This quiz has been taken 86 times
    25 since last reset
  • The average score is 24 of 44
Answer Stats
Team Season Driver % Correct
Chip Ganassi Racing Full Scott Dixon
93%
Rahal Letterman Lanigan Racing Full Takuma Sato
93%
Ed Carpenter Racing Partial Ed Carpenter
87%
Rahal Letterman Lanigan Racing Full Graham Rahal
87%
Team Penske Full Josef Newgarden
87%
Team Penske Full Will Power
87%
Team Penske Partial Hélio Castroneves
80%
Andretti Autosport Full Mario Andretti
80%
Andretti Autosport Full Alexander Rossi
73%
Schmidt Peterson Motorsports Full James Hinchcliffe
73%
Andretti Autosport Full Ryan Hunter-Reay
73%
Team Penske Full Simon Pagenaud
73%
A.J. Foyt Enterprises Full Tony Kanaan
73%
Harding Racing Partial Colton Herta
67%
Dale Coyne Racing Partial Conor Daly
67%
Harding Racing Partial Conor Daly
67%
Meyer Shank Racing Partial Jack Harvey
60%
Carlin Full Max Chilton
60%
Andretti Autosport Full Zach Veach
60%
Carlin Full Charlie Kimball
53%
Juncos Racing Partial Kyle Kaiser
53%
A.J. Foyt Enterprises Full Matheus Leist
53%
Harding Racing Partial Patricio O'Ward
53%
Dale Coyne Racing Full Sébastien Bourdais
53%
Schmidt Peterson Motorsports Partial Robert Wickens
47%
Dreyer & Reinbold Racing Partial Sage Karam
47%
Dale Coyne Racing Partial Santino Ferrucci
47%
Ed Carpenter Racing Full Spencer Pigot
47%
Andretti Autosport Partial Carlos Muñoz
40%
Schmidt Peterson Motorsports Partial Carlos Muñoz
40%
Ed Carpenter Racing Partial Danica Patrick
40%
Chip Ganassi Racing Full Ed Jones
40%
Harding Racing Partial Gabby Chaves
40%
Andretti Autosport Partial Stefan Wilson
40%
Dale Coyne Racing Partial Zachary Claman DeMelo
40%
Dreyer & Reinbold Racing Partial J.R. Hildebrand
33%
Rahal Letterman Lanigan Racing Partial Oriol Servià
33%
Dale Coyne Racing Partial Pippa Mann
33%
A.J. Foyt Enterprises Partial James Davison
27%
Ed Carpenter Racing Partial Jordan King
27%
Dale Coyne Racing Partial Pietro Fittipaldi
27%
Juncos Racing Partial René Binder
27%
Schmidt Peterson Motorsports Partial Jay Howard
20%
Juncos Racing Partial Alfonso Celis Jr.
13%
No matching quizzes found
Score Distribution
Percent of People with Each Score
Percentile by Number Answered
Your Score History
You have not taken this quiz since the last reset